UBT Library

NURSING'S SOCIAL POLICY STATEMENT (Record no. 58839)

000 -LEADER
fixed length control field 00363nam a22001457a 4500
008 - FIXED-LENGTH DATA ELEMENTS--GENERAL INFORMATION
fixed length control field 221110b ||||| |||| 00| 0 eng d
020 ## - INTERNATIONAL STANDARD BOOK NUMBER
International Standard Book Number 2901558102704
041 ## - LANGUAGE CODE
Language code of text/sound track or separate title eng
080 ## - UNIVERSAL DECIMAL CLASSIFICATION NUMBER
Edition identifier 2010 EDITION
Universal Decimal Classification number 610.73
082 ## - DEWEY DECIMAL CLASSIFICATION NUMBER
Classification number 610.73 ANA
100 ## - Rafti
Rafti 8
101 ## - Shkurtesa
Shkurtesa INF
245 ## - TITLE STATEMENT
Title NURSING'S SOCIAL POLICY STATEMENT
Statement of responsibility, etc AMERICAN NURSES ASSOCIATION
942 ## - ADDED ENTRY ELEMENTS (KOHA)
Source of classification or shelving scheme
Item type Books
Holdings
Withdrawn status Lost status Source of classification or shelving scheme Damaged status Not for loan Collection code Permanent location Current location Date acquired Total Checkouts Full call number Barcode Date last seen Price effective from Koha item type
          Koleksioni i përgjithshem UBT - Lipjan UBT - Lipjan 11/10/2022   610.73 ANA 002-800028700260589 11/10/2022 11/10/2022 Books
UBT Library © 2015-2024. All rights reserved University Education for Business and Technology